00882nam a2200229Ia 4500003000900000008004100009020001800050040001600068080001700084100002300101245018300124260005200307300001600359650001800375650002200393650003000415650001800445650003000463942000700493999001700500952013500517IN-BaIIA211028s9999 xx 000 0 eng d a0-521-35168-5 cIIA Library a52(091)bTAT aTaton, Rene920062 0aPlanetary astronomy from the renaissance to the rise of astrophysicsbpt. B, the eighteenth and nineteenth centuries.cRene Taton  aUK, CambridgebCambridge University Pressc1995 axiii, 281p. aAstronomy980 aAstrophysics9794 aEighteenth Century920063 aHistory97064 aNineteenth Century918245 cBK c11615d11615 00104070aBANbBANcGENd1996-01-03eSVS g2398.50l0o52(091)/ TATp12530r2021-11-05v2398.50w1996-01-03yBKGRs. 2398.50